| 000 | 01259nam0a22002771 4500 | ||
|---|---|---|---|
| 001 | rc\2219287 | ||
| 005 | 20260407135111.0 | ||
| 035 | _a(NLR Aleph) 006542772 | ||
| 090 |
_a6654841 _c6654841 |
||
| 100 | _a20110826d1978 |||y0rusy50 ca | ||
| 101 | 0 | _arus | |
| 102 | _aRU | ||
| 105 | _ay z ||||| | ||
| 200 | 1 |
_aРуководство по оценке коррозионных свойств атмосферной среды и требования к защите надземных трубопроводов от атмосферной коррозии в различных климатических условиях _eР 318-78 _fВНИИ по стр-ву магистр. трубопроводов |
|
| 210 |
_aМосква _cВНИИСТ _d1978 |
||
| 215 |
_a8 с. _d20 |
||
| 606 |
_aТрубопроводы надземные _xЗащита от коррозии _2psbo |
||
| 686 |
_aО71-082.604я82 _2rubbk |
||
| 712 | 0 | 2 |
_aВНИИ по строительству магистральных трубопроводов _3RU\NLR\AUTH\8810003598 _9504477 |
| 801 | 0 |
_aRU _bNLR _gpsbo |
|
| 801 | 1 |
_aRU _bELAR _2rusmarc |
|
| 852 |
_aNLR _jПт 80/460-318-78 |
||
| 899 |
_aRuMoRGB _jM 79-5/733 |
||
| 899 |
_aRuMoRGB _jM 79-5/734 |
||
| 942 | _cBOOK | ||
| 980 | _aNB | ||